| 000 | 00532nam a22001817a 4500 | ||
|---|---|---|---|
| 999 |
_c1486 _d1486 |
||
| 001 | 14161 | ||
| 003 | BD-DhUAP | ||
| 005 | 20200209100802.0 | ||
| 008 | 200209s bg ||||| |||| 00| 0 eng d | ||
| 040 |
_aBD-DhUAP _bEng _cBD-DhUAP _dBD-DhUAP |
||
| 082 |
_223 _a345.549205 RAB |
||
| 100 | _aRabbani, Mohammad Gholam. | ||
| 245 |
_aA hand book of criminal trial / _cMohammad Gholam Rabbani. |
||
| 260 |
_aDhaka : _bM. G. Samdani, _c[...?]. |
||
| 300 |
_a94 pages ; _c22 cm. |
||
| 650 |
_aCriminal law _zBangladesh. |
||
| 942 |
_2ddc _cBK |
||